000 00839nam a2200217Ii 4500
003 JO-AjNU
008 230605s9999||||xx |||||||||||||| ||und||
017 _a2014/5/2043
040 _aJO-AjNU
_bara
_erda
_cJO-AjNU
041 _aara
050 1 4 _aPJ7814.Q22.A17 2014
100 3 _aالعقاد، عباس محمود، م. مشارك إبراهيم عبد القادر المازني,
_eauthor
_947386
245 0 0 _aالديوان في الأدب والنقد
264 3 1 _aعمان: وزارة الثقافة، 2014
300 _a189ص
336 _atext
_btxt
_2rdacontent
337 _aunmediated
_bn
_2rdamedia
338 _avolume
_bnc
_2rdacarrier
490 0 _aمكتبة الاسرة الاردنية / مهرجان القراءة للجميع، 2014
650 4 _aقصص قصيرة - ادب عربي - عصر حديث
_947387
999 _aA20682
_c24250
_d24250